Responses for Show #6568 - Wednesday, March 20, 2013

Contestants

[<< previous game]

Jeff Weber, an online book sales director from Ridgewood, New Jersey

Jonathan Shulman, a high school history teacher from San Diego, California

Lauren Girard, a museum guest relations manager from Los Angeles, California (whose 1-day cash winnings total $24,400)

[next game >>]

Jeopardy! Round responses

CLASSIC ADS & JINGLES
FROM PAGE TO SCREEN
PRESIDENTIAL DEBATERS
"BOTTOM"
OF THE NINTH
BASES LOADED
    $200 1
Avis

Jeff
    $200 14
What to Expect When You're Expecting

Lauren
    $200 2
Ronald Reagan & Jimmy Carter

Jonathan
    $200 19
the bottom line

Jonathan
    $200 30
New Orleans

Jeff
    $200 7
Puerto Rico

Jeff
    $400 12
Johnson & Johnson

Jonathan
    $400 15
The Hunger Games

Lauren
    $400 3
(Alex: Which George Bush?)

George Bush, Sr. & Michael Dukakis

Jeff
    $400 20
the bottom of the seventh

Lauren
    $400 29
Beethoven's Ninth

Jonathan
    $400 8
glaciers

Jeff
    $600 13
(Lauren: What is Delta?)

United

Lauren
Triple Stumper
    $600 18
Cloud Atlas

Lauren
    $600 4
Ronald Reagan & Walter Mondale

Jeff
    $600 21
bottoms up!

Lauren
    $600 28
precinct

Jonathan
    $600 9
Afghanistan

Jeff
    $800 24
Calvins

Lauren
    $800 17
Nicholas Sparks

Jeff
    $800 5
(Alex: Which Bush?)

Bush the First, Clinton & Perot

Lauren
    $800 22
your bottom dollar

Jeff
    $800 27
Ramadan

Lauren
    $800 10
Camp Pendleton

Lauren
    $1000 25
(Alex: And that was part of an ad for [*]. Lauren, one category left, and one minute to do it in.)

Alka-Seltzer

Triple Stumper
    $1000 16
(Lauren: What is Act Like a Woman, [*]?)
(Jeff: What is Act Like a Man, Think Like a Woman?)

Think Like a Man

LaurenJeff
Triple Stumper
    $1000 6
George W. Bush & Al Gore

Jeff
    $1000 23
the Bottomless Pit

Triple Stumper
    $1000 26
the Ninth Legion

Triple Stumper
    $1,600 11
Guam

Lauren

Scores at the first commercial break (after clue 15):

Lauren Jonathan Jeff
$3,200 $600 $3,400

Scores at the end of the Jeopardy! Round:

Lauren Jonathan Jeff
$5,400 $1,800 $4,200

Double Jeopardy! Round responses

TRAITORS & TURNCOATS
BOOK SERIES
POP "STAR"s
RELATIONSHIP ISSUES
MARINE MAMMALS
PREFIX IN COMMON
    $400 1
Benedict Arnold

Jonathan
    $400 8
The Pioneers

Triple Stumper
    $400 6
"The Star-Spangled Banner"

Lauren
    $400 16
a hand

Jeff
    $400 17
a blowhole

Jonathan
    $400 21
arch-

Jonathan
    $800 2
Judas (Iscariot)

Lauren
    $800 9
The Sisterhood of the Traveling Pants

Jeff
    $800 7
Star Wars

Jeff
    $800 22
(Jeff: What is common law?)

community

LaurenJeff
    $800 18
a porpoise

Jeff
    $800 24
bi-

Jeff
    $2,000 3
Vichy

Lauren
    $1200 10
Left Behind

Jonathan
    $1200 11
Willie Stargell

Jeff
    $1200 23
a date night

Jeff
    $1200 19
(Jonathan: What is a manatee?)

the walrus

Jonathan
Triple Stumper
    $1200 25
(Alex: Good, with less than a minute to go.)

trans-

Jeff
    $1600 4
Guy Fawkes

Jonathan
    $1600 12
L. Ron Hubbard

Jonathan
    $1600 14
Pawn Stars

Jeff
    $1600 30
a marriage & family therapist

Lauren
    $2,000 20
(Jeff: What are... uh... penguins?)

seals

Jeff
    $1600 26
peri-

Lauren
    $2000 5
Quisling

Jonathan
    $2000 13
Wolf Hall

Jeff
    $2000 15
lucky star

Lauren
    $2000 29
(Jeff: What is eHarmony?)

ChristianMingle

Jeff
Triple Stumper
    $2000 28
otters

Lauren
    $2000 27
meta-

Triple Stumper

Scores at the end of the Double Jeopardy! Round:

Lauren Jonathan Jeff
$16,600 $8,200 $10,200

[wagering suggestions for these scores]

Final Jeopardy! Round responses

EUROPEANA
(Alex: If you knew that the current president of France is François Hollande, you'd have been helped immensely in coming up with the correct response here.)
...
(Alex: [Revealing Lauren's response] Yes, it's thought that maybe his family changed the name to Hollande to reflect where they came from.)
JonathanWhat is Spain?
$8,198
JeffWhat is Czech Republic?
$10,000
LaurenWhat is the Netherlands?
$10,000
the Netherlands

Final scores:

Lauren Jonathan Jeff
$26,600 $2 $200
2-day champion: $51,000 3rd place: $1,000 2nd place: $2,000

Game dynamics:

Coryat scores:

Lauren Jonathan Jeff
$15,200 $8,200 $12,200
18 R
(including 2 DDs),
2 W
12 R,
1 W
20 R,
4 W
(including 1 DD)

Combined Coryat: $35,600

[game clues] [game scores] [suggest correction]

Game tape date: 2012-11-13
The J! Archive is created by fans, for fans. Scraping, republication, monetization, and malicious use prohibited; this site may use cookies and collect identifying information. See terms. The Jeopardy! game show and all elements thereof, including but not limited to copyright and trademark thereto, are the property of Jeopardy Productions, Inc. and are protected under law. This website is not affiliated with, sponsored by, or operated by Jeopardy Productions, Inc. Join the discussion at JBoard.tv.